书目信息 |
| 书名: | Introduction to jazz history | |
| 作者: | Donald D. Megill, Richard S. Demory. | |
| 分册号: | ||
| 分册名: | 出版地: | Upper Saddle River, N.J. : |
|
| 出版社: | Prentice Hall | |
| 出版时间: | 1984. | |
| 页数: | 350 p. ; | |
| 开本: | 24cm. | |
| 丛书名: | ||
| 中图分类号: | ||
| 科图分类号: | ||
| 其他分类号: | J609 | |
| 主题词: | ||
| 电子资源: | ||
| 000 | 00433nam 2200145 a 4500 | |
| 001 | E0440922432 | |
| 005 | 2004122011220212 | |
| 008 | 041220s1984 00010 eng | |
| 020 | @a0-13-210790-2 :@cRMB 12.00. | |
| 040 | @aPFT@beng | |
| 090 | @aJ609 | |
| 099 | @dJ609@eM496 | |
| 245 | @aIntroduction to jazz history / @cDonald D. Megill, Richard S. Demory. | |
| 260 | @aUpper Saddle River, N.J. :@bPrentice Hall,@c1984. | |
| 300 | @a350 p. ;@c24cm. | |
| Introduction to jazz history / / Donald D. Megill, Richard S. Demory.-Upper Saddle River, N.J. : : Prentice Hall, , 1984. |
| 350 p. ; ; 24cm. |
| ISBN 0-13-210790-2 :RMB 12.00. |
| ● |
| 相关链接 |
|
|
|
正题名:Introduction to jazz history
索取号:J609/M496
 
预约/预借
| 序号 | 登录号 | 条形码 | 馆藏地/架位号 | 状态 | 备注 |
| 1 | 04775 | 300047759 | 社科库309/309社科库 992排2列2层/ [索取号:J609/M496] | 在馆 |